[Event "Saint Louis Invitational-A 2018"]
[Site "Saint Louis"]
[Date "2018.11.19"]
[Round "6"]
[White "Bivol, Alina"]
[Black "Niemann, Hans"]
[Result "0-1"]
[WhiteElo "2403"]
[BlackElo "2439"]
[Annotator "TA"]
[PlyCount "132"]
[EventDate "2018.11.16"]
[EventType "tourn"]
[EventCountry "USA"]
[SourceTitle "playchess.com"]
[Source "ChessBase"]
[SourceQuality "1"]

{[%evp 18,132,6,-2,1,-25,4,-31,0,-14,-8,-21,-14,-23,-16,-5,-12,-14,-16,-25,-20,-24,4,9,7,0,0,0,0,4,22,0,0,0,0,0,0,8,30,0,0,0,0,0,15,0,0,0,43,0,0,-79,-72,-79,-77,-75,-74,-86,-62,-62,-62,-64,-69,-159,-125,-126,-116,-98,-107,-102,-100,-123,-79,-234,-234,-224,-223,-202,-146,-145,-136,-124,-135,-131,-112,-113,-115,-105,-118,-126,-132,-115,0,-126,-127,-535,-508,-636,-614,-459,-207,-238,-260,-391,-320,-318,-303,-2092,-1730,-1989,-1844,-6183,-6094,-6087,-5999,-5999,-4802]} 1. Nf3 c5 2. b3 Nf6 3. Bb2 e6 4. g3 b6 5. Bg2 Bb7 6. O-O {A05: Réti Opening: 1 Nf3 Nf6} Be7 7. e3 O-O 8. d3 d5 9. Qe2 Nc6 10. Nbd2 {LiveBook: 10 Games} Nd7 $146 ({Predecessor:} 10... Qc7 11. e4 dxe4 12. dxe4 e5 13. c3 a5 14. a4 Ba6 15. Nc4 b5 16. axb5 Bxb5 17. Nfd2 {1-0 (50) Nakamura,H (2735)-Simonian,H (2521) ICC INT 2010}) 11. e4 b5 12. h4 a5 13. a4 {Black must now prevent exd5.} (13. exd5 {feels hotter.} exd5 14. c4 Re8 15. cxb5 Nb4 16. Rae1) 13... bxa4 14. exd5 exd5 {White should prevent ...axb3.} 15. Rxa4 Bf6 16. Bxf6 Nxf6 17. Qe3 Nb4 18. Qxc5 Nd7 $1 {[%cal Rd7c5]} 19. Qd6 Nb6 (19... Ra6 {looks sharper.} 20. Qf4 Nxc2 21. Rc1 Rf6 22. Qg4 Nb4) 20. Qxd8 Rfxd8 21. Raa1 Nxc2 22. Rac1 Nb4 23. Rc7 Rd7 24. Rxd7 Nxd7 25. d4 Kf8 26. Rc1 Rc8 27. Ra1 Nc6 28. Bf1 Ke7 29. Bb5 Ndb8 30. Nf1 Ba6 (30... Kd6 {is interesting.} 31. Ne3 g6 32. h5 Rc7 33. Ng4 Ba6) 31. Bxa6 Nxa6 32. Ne3 Nc7 33. Re1 Kd7 34. Nf5 (34. Ne5+ $11 Nxe5 35. dxe5) 34... g6 $17 35. Nh6 f6 36. Ng4 Rf8 37. Rc1 h5 38. Ne3 Rb8 39. Rc3 Kd6 40. g4 (40. Kf1 $15) 40... hxg4 41. Nxg4 Ne6 42. Nxf6 Ncxd4 43. Nxd4 Nxd4 {[%mdl 4096] Endgame KRN-KRN} 44. Rd3 Rb4 45. Ne8+ $2 (45. Kf1 $17) 45... Kd7 $1 $19 {[%cal Rd7e8]} 46. Nf6+ Ke6 47. Ne8 Ne2+ {[%mdl 64] Discovered Attack} ({But not} 47... Nxb3 48. Nc7+ Kd6 49. Nxd5 $17) 48. Kf1 {[#]} Nf4 $1 {[%cal Rf4d3]} 49. Re3+ Kd7 {...Nh5 is the strong threat.} 50. Nf6+ Kd6 51. Ne8+ Kc6 52. Rc3+ Kd7 53. Nf6+ Kd6 {And now ...a4 would win.} 54. Ne8+ Kd7 55. Nf6+ $1 Ke6 56. Ne8 $2 {[%mdl 8192] [#]} (56. Rc6+ $17 {is a better chance.} Ke7 57. Ke1) 56... d4 $1 {[%cal Rd4c3]} 57. Rf3 Ke5 58. Ke1 Ne6 (58... d3 $142 59. Re3+ Kd4) 59. Kd1 Nc5 {Threatens to win with ...d3.} 60. Rg3 (60. h5 $142 gxh5 61. Rh3) 60... d3 61. Rg5+ Kd4 62. Nc7 $2 (62. Nf6 Nxb3 63. Rxg6) 62... Rxb3 {( -> ...Rb1+). Black is clearly winning.} 63. Rd5+ Kc4 64. Rd8 Rb1+ 65. Kd2 Nb3+ 66. Ke3 Re1+ {Accuracy: White = 36%, Black = 65%.} 0-1

[Event "Saint Louis Invitational-A 2018"]
[Site "Saint Louis"]
[Date "2018.11.19"]
[Round "6"]
[White "Gurevich, Dmitry"]
[Black "Shtembuliak, Evgeny"]
[Result "1/2-1/2"]
[WhiteElo "2393"]
[BlackElo "2487"]
[Annotator "TA"]
[PlyCount "113"]
[EventDate "2018.11.16"]
[EventType "tourn"]
[EventCountry "USA"]
[SourceTitle "playchess.com"]
[Source "ChessBase"]
[SourceQuality "1"]

{[%evp 18,113,10,0,0,-6,-2,1,-5,-18,-26,-45,-18,-29,-20,-27,-19,-14,-10,-13,-20,-31,0,-9,0,-7,31,24,14,21,28,0,25,0,113,25,80,84,199,185,190,193,168,83,89,88,100,6,7,0,55,-4,-6,-4,-6,-12,-19,-13,-12,-18,42,42,76,85,78,86,101,95,259,163,163,163,163,163,163,163,170,172,141,183,184,167,154,32,38,-7,-7,0,0,0,0,-25,-19,-26,-19,-25,-25,-32]} 1. d4 Nf6 2. c4 e6 3. Nc3 Bb4 4. e3 O-O 5. Bd3 d5 6. cxd5 exd5 7. Nge2 Re8 8. O-O Bf8 9. a3 a5 {E48: Nimzo-Indian: Rubinstein: 5 Bd3 d5 including 6 Ne2, but excluding 6 a3} 10. Rb1 {LiveBook: 3 Games} Na6 11. Kh1 $146 ({Predecessor:} 11. f3 c5 12. g4 g6 13. Ng3 h6 14. Kg2 Rb8 15. Bb5 Bd7 16. Bxa6 bxa6 17. dxc5 Bxc5 {0-1 (55) Kaspi,A (2502)-Finkel,A (2467) Kfar Sava 2000}) 11... b6 {[%cal Bb7b6,Bb6b5][%mdl 32] The position is equal.} 12. f3 c5 $1 13. Bb5 Bd7 14. Qa4 Nc7 15. Bxd7 Nxd7 16. Nf4 {[#]} b5 $1 {[%mdl 512]} 17. Qd1 (17. Nxb5 $2 Nb6 $19) 17... Nb6 18. dxc5 Bxc5 19. e4 d4 20. Nce2 Nc4 21. a4 {[%cal Ba3a4,Ba4b5,Bb5b6][%mdl 32]} Ba7 22. b3 Ne3 23. Bxe3 $1 dxe3 24. Rc1 Ne6 25. axb5 f5 (25... Nxf4 $11 {remains equal.} 26. Nxf4 Qg5) 26. Qd5 (26. exf5 Nxf4 27. Nxf4 (27. Qxd8 $2 Raxd8 28. Nxf4 e2 $19) 27... e2 $17) (26. Nxe6 $1 $16 Rxe6 27. Qc2 (27. exf5 Re5 $16)) 26... Qxd5 (26... fxe4 $1 $11 27. Qc4 (27. fxe4 Qxd5 28. Nxd5 Rab8 $11) (27. Qxe4 Nxf4 28. Qxf4 Qd5 $16) 27... Qd7) 27. Nxd5 $16 (27. exd5 Nxf4 28. Nxf4 e2 $19) 27... fxe4 (27... Rab8 $16) 28. b6 $18 {[%mdl 64] Zwischenzug} (28. fxe4 Rab8 $11) 28... Rad8 29. fxe4 (29. bxa7 $6 Rxd5 30. Rc6 (30. fxe4 Rd7 $14) 30... Nf8 $14) 29... Bb8 30. Rf5 (30. Rfd1 $18) 30... Bd6 $16 31. Rc6 Nc5 32. e5 (32. Nxe3 $6 Rxe4 33. Rf3 Nxb3 $11) (32. Ndc3 $16) 32... Bf8 $11 33. e6 Nxe6 ({Black should try} 33... Rxe6 $11 34. Rxe6 Nxe6) 34. Re5 (34. g3 $14) 34... Nc5 35. Rxe8 $1 ({Wrong is} 35. Rxe3 $2 Rxe3 36. Nxe3 Re8 $19) 35... Rxe8 36. g3 Rd8 37. Ndc3 Nxb3 38. Kg2 a4 (38... Nc5 $11) 39. Nxa4 $14 Ra8 40. Rc3 {Black must now prevent b7.} Nd2 41. b7 ({Don't blunder} 41. Rxe3 $2 Rxa4 42. Rd3 Nc4 $19) 41... Rb8 42. Rc7 {Strongly threatening Nc5.} Ne4 $2 (42... Nb3 $16) 43. Kf3 {[%mdl 64] Double Attack} Ng5+ 44. Kxe3 {aiming for Nd4.} Ne6 45. Rc6 Kf7 {[#]} 46. Nd4 $1 {[%cal Rd4e6][%mdl 64] Overworked Piece} (46. Rb6 Nc5 $11) 46... Nxd4 47. Rc7+ ({Inferior is} 47. Kxd4 Rxb7 48. Nb6 g6 $11) 47... Ke6 {...Bd6 is the strong threat.} 48. Kxd4 $16 {[%mdl 4096] Endgame KRB-KRN} Kd6 49. Rf7 {Threatens to win with Nc5.} Kc6 {[#]} 50. Ke5 (50. Kc4 $1 $16) 50... Bd6+ $14 51. Ke6 Re8+ 52. Kf5 Re5+ 53. Kg4 Re4+ {[%mdl 64] Double Attack} 54. Kh3 Rxa4 55. Rxg7 h5 56. Rg6 Rb4 57. Rh6 {Accuracy: White = 40%, Black = 57%.} 1/2-1/2

[Event "Saint Louis Invitational-A 2018"]
[Site "Saint Louis"]
[Date "2018.11.19"]
[Round "6"]
[White "Kiewra, Keaton"]
[Black "Patel, Advait"]
[Result "1/2-1/2"]
[WhiteElo "2364"]
[BlackElo "2467"]
[Annotator "TA"]
[PlyCount "50"]
[EventDate "2018.11.16"]
[EventType "tourn"]
[EventCountry "USA"]
[SourceTitle "playchess.com"]
[Source "ChessBase"]
[SourceQuality "1"]

{[%evp 28,50,7,28,25,0,0,0,0,0,0,0,0,0,0,0,0,0,0,0,0,0,0,0,5]} 1. d4 Nf6 2. c4 g6 3. Nc3 Bg7 4. e4 d6 5. Nf3 O-O 6. Be2 e5 7. O-O Nc6 8. d5 Ne7 9. b4 Ne8 10. c5 f5 11. Ng5 h6 12. Ne6 {E97: King's Indian: Classical Main Line (6...e5 7 0-0 Nc6): 8 Be3 and 8 d5 Ne7, not 9 Ne1} Bxe6 13. dxe6 fxe4 14. cxd6 Nxd6 15. Be3 {LiveBook: 12 Games} Kh7 (15... Nef5 16. Bc5 Kh7 17. Rc1 {½-½ (17) Starke,R (2604)-Blanco Gramajo,C (2538) ICCF email 2015}) 16. Qc2 Qc8 {The position is equal.} 17. Nb5 Nxb5 18. Bxb5 Qxe6 19. Qxc7 $146 ({Predecessor:} 19. Qxe4 Qd5 {0-1 (53) Rehtman,P (2054)-Klochan,P (2124) ICCF email 2009}) 19... Nd5 20. Qxb7 {[#] Bc4 is the strong threat.} Rab8 21. Qc6 Qxc6 22. Bxc6 Nxe3 23. fxe3 Rxb4 24. Rfb1 Rfb8 {[#]} 25. Bxe4 $1 {[%mdl 512]} Rxb1+ (25... Rxe4 26. Rxb8) 1/2-1/2

[Event "Saint Louis Invitational-A 2018"]
[Site "Saint Louis"]
[Date "2018.11.19"]
[Round "7"]
[White "Shtembuliak, Evgeny"]
[Black "Kiewra, Keaton"]
[Result "1-0"]
[WhiteElo "2487"]
[BlackElo "2364"]
[Annotator "TA"]
[PlyCount "46"]
[EventDate "2018.11.16"]
[EventType "tourn"]
[EventCountry "USA"]
[SourceTitle "playchess.com"]
[Source "ChessBase"]
[SourceQuality "1"]

{[%evp 29,46,7,14,-12,0,-24,-11,-29,-25,-31,25,27,248,245,243,245,266,242,317]} 1. c4 e6 2. Nc3 d5 3. d4 Nf6 4. cxd5 Nxd5 5. e4 Nxc3 6. bxc3 c5 7. Nf3 cxd4 8. cxd4 Bb4+ 9. Bd2 Bxd2+ 10. Qxd2 O-O 11. Bc4 b6 12. O-O Bb7 13. Rfe1 Nd7 14. Rad1 Rc8 {D41: Queen's Gambit Declined: Semi-Tarrasch with 5 cxd5} 15. Bd3 (15. Bb3 Re8 16. h3 Nf6 17. Qf4 Nh5 18. Qh2 h6 19. d5 exd5 20. e5 g6 21. Nd4 Ng7 22. Nb5 {½-½ (54) Mamedyarov,S (2820)-Ding,L (2804) Batumi 2018}) 15... Qc7 {[#] LiveBook: 3 Games} 16. Qg5 $146 ({Predecessor:} 16. e5 Rfd8 17. Qf4 Nf8 18. h4 Qe7 19. h5 h6 20. Re3 Rc7 21. Be4 Bxe4 22. Rxe4 {1-0 (39) Salem,A (2656)-Adly,A (2599) Doha 2016}) 16... h6 {The position is equal.} 17. Qh4 (17. Qe3 {keeps more tension.} Rfd8 18. a4 Qc3 19. a5 bxa5 20. Rc1) 17... Nf6 18. Re3 Qd8 19. h3 Rc3 (19... Qe8 $15) 20. d5 $11 Nd7 $2 {[#]} ({Reject} 20... exd5 $6 21. e5 $16 (21. exd5 Rc5 $15)) (20... Rc5 $11 {and Black is okay.}) 21. Qxd8 $1 $18 Rxd8 {[#]} 22. dxe6 $1 {Threatens to win with Bb5.} fxe6 23. Bb5 $1 {[%csl LRc3,LRd7][%mdl 64] Discovered Attack} Rxe3 1-0

[Event "Saint Louis Invitational-A 2018"]
[Site "Saint Louis"]
[Date "2018.11.19"]
[Round "7"]
[White "Patel, Advait"]
[Black "Balakrishnan, Praveen"]
[Result "0-1"]
[WhiteElo "2467"]
[BlackElo "2409"]
[Annotator "TA"]
[PlyCount "92"]
[EventDate "2018.11.16"]
[EventType "tourn"]
[EventCountry "USA"]
[SourceTitle "playchess.com"]
[Source "ChessBase"]
[SourceQuality "1"]

{[%evp 22,92,28,27,31,18,25,25,12,18,16,2,2,5,5,0,16,0,0,0,0,0,0,-9,0,0,0,-5,-5,-7,0,0,0,0,0,0,0,0,0,0,0,0,0,0,0,0,0,0,0,0,0,0,0,-438,-473,-871,-822,-864,-856,-756,-730,-29967,-29968,-29970,-29972,-29972,-29973,-29973,-29974,-29977,-29978,-29978,-29978]} 1. e4 c6 2. d4 d5 3. e5 Bf5 4. Nf3 e6 5. Be2 Ne7 6. O-O c5 7. dxc5 Nec6 {B12: Caro-Kann: Advance Variation} 8. Be3 Nd7 9. c4 dxc4 10. Na3 Bxc5 11. Bxc5 Nxc5 12. Nxc4 {LiveBook: 37 Games. Nd6+ is the strong threat.} O-O 13. Qc1 Nd3 14. Bxd3 Qxd3 15. Rd1 {[#]} Qc2 $146 16. Qxc2 Bxc2 17. Rd2 Be4 18. Nd4 Bd5 19. Ne3 Nxe5 20. Nxd5 exd5 21. Nf5 Rfd8 22. Rad1 g6 23. Ne3 Rac8 24. Rxd5 Rxd5 25. Rxd5 Nc4 26. Nxc4 Rxc4 $11 {[%mdl 4096] Endgame KR-KR} 27. g3 Rc2 28. Rb5 b6 29. a4 {[%cal Ba2a4,Ba4a5][%mdl 32]} Kg7 30. a5 Rc5 31. Rxc5 bxc5 {KP-KP} 32. Kf1 {White wants to play Ke2.} Kf6 33. Ke2 {next Kd3 is good for White.} Ke5 34. Kd3 Kd5 35. Kc3 c4 36. a6 $1 Kc5 37. Kd2 $2 {[%mdl 8192]} (37. g4 $11 {and White has nothing to worry.}) 37... Kb4 $1 $19 38. Kc2 (38. Ke3 $142 c3 39. bxc3+ Kxc3 40. Ke2) 38... h5 39. f4 f6 {[%cal Bf7f6,Bf6f5][%mdl 32]} 40. h3 {[#]} h4 $1 {[%cal Rh4g3][%mdl 512]} 41. gxh4 {[#]} f5 $1 {Black mates.} 42. h5 gxh5 43. h4 {[#]} Kb5 $1 {[%cal Rb5a6]} 44. Kc3 Kc5 45. Kd2 Kd4 46. Kc2 Ke4 {Accuracy: White = 63%, Black = 81%.} 0-1

[Event "Saint Louis Invitational-A 2018"]
[Site "Saint Louis"]
[Date "2018.11.19"]
[Round "7"]
[White "Kevlishvili, Robby"]
[Black "Gurevich, Dmitry"]
[Result "0-1"]
[WhiteElo "2451"]
[BlackElo "2393"]
[Annotator "TA"]
[PlyCount "108"]
[EventDate "2018.11.16"]
[EventType "tourn"]
[EventCountry "USA"]
[SourceTitle "playchess.com"]
[Source "ChessBase"]
[SourceQuality "1"]

{[%evp 23,108,0,59,14,24,10,23,12,10,11,47,-73,0,-101,-104,-131,-120,-127,-131,-133,-126,-137,-129,-276,-266,-263,-262,-254,-193,-186,-183,-179,-137,-170,-156,-198,-130,-125,-135,-187,-182,-181,-166,-223,-179,-293,-313,-553,-554,-29983,-29984,-29984,-29985,-29983,-5539,-2512,-413,-413,-332,-404,-401,-571,-561,-555,-556,-484,-481,-572,-393,-544,-544,-542,-535,-589,-566,-2001,-1823,-4325,-2177,-1052,-866,-29985,-29986,-29986,-29987,-29987,-29988]} 1. e4 c5 2. Nf3 d6 3. d4 cxd4 4. Nxd4 Nf6 5. Nc3 Nc6 6. Bg5 e6 7. Qd2 Be7 8. O-O-O O-O 9. f4 Nxd4 10. Qxd4 Qa5 11. Be2 h6 {B65: Sicilian: Richter-Rauzer: 7...Be7 8 0-0-0 0-0 9 f4 Nxd4} (11... e5 12. Qe3 exf4 13. Bxf4 Be6 14. a3 Rac8 15. Nb5 Ng4 16. Qg3 {1-0 (16) Ortiz Suarez,I (2565)-Inkiov,V (2459) Les Sables d'Olonne 2017}) 12. h4 e5 {LiveBook: 3 Games} (12... hxg5 $2 13. hxg5 Nh7 14. Qf2 $18) (12... Rd8 $11) 13. Qf2 exf4 $1 {The position is equal.} 14. Bxf4 Be6 $1 15. Bxd6 Bxd6 16. Rxd6 Rac8 {Threatens to win with ...Rxc3.} 17. Qd4 $146 (17. Qg3 $14) ({Predecessor:} 17. Qg3 Rc5 18. Rhd1 Rfc8 19. R6d4 Rxc3 20. bxc3 Rxc3 {½-½ (58) Konci,E-Lindblom,P Leipzig 1960}) 17... Bxa2 ({Black should try} 17... Ne8 $1 $17 {[%cal Re8d6]} 18. Rxe6 fxe6) 18. Rxf6 (18. Rf1 $11 Be6 19. e5) 18... gxf6 $17 19. Rh3 Be6 $1 20. Rg3+ Kh7 {aiming for ...Qa1+.} 21. Qxf6 {[%csl Gg3][%cal Rf6g7]} Rg8 22. Rxg8 Rxg8 23. Bd3 (23. Bf3 $17 {might work better.}) 23... Rxg2 $19 ({Not} 23... Qa1+ 24. Nb1 $11) 24. e5+ Kg8 25. Qxh6 {And now Bh7+ would win.} Rg7 26. Qf6 Rg1+ 27. Kd2 Qb6 28. b3 Rg2+ 29. Kc1 {[#]} Qg1+ (29... Qe3+ $1 $19 30. Kb1 Rg1+ 31. Ka2 Qb6) 30. Kb2 $17 Qd4 {Hoping for ...Qxd3.} 31. Qf3 {[#]} (31. Kb1 $17) 31... Rf2 $1 $19 {[%cal Rf2f3]} 32. Qg3+ Kf8 33. Bh7 (33. h5 {keeps fighting.} Qf4 34. Qxf4 Rxf4 35. h6) 33... b5 $36 {[%cal Bb7b5,Bb5b4][%mdl 2080] Black is in control.} 34. Ka2 (34. Qd3 $142 Qxd3 35. Bxd3) 34... b4 35. Na4 $2 (35. Nb5 Qc5 36. Qd3) 35... Rf1 {[%csl Gd4][%cal Rf1a1]} 36. Qg8+ Ke7 {[%csl Gd4][%cal Rf1a1]} 37. Qg5+ Ke8 {[%csl Gd4][%cal Rf1a1]} 38. Nb2 Qc5 (38... Qd5 $142 39. Na4 Qd1 40. Qg8+ Ke7 41. Qg5+ Kd7 42. Nc5+ Kc6 43. Qg2+ Kxc5 44. Qxf1 Qxf1 45. Kb2 Bf5 46. Bxf5 Qxf5 47. Kc1 Qxe5 48. Kb1 Kd4 49. Kb2 Qa5 50. Kc1 Kc3 51. Kd1 Qe5 52. h5 Qe3 53. h6 Qd2#) 39. Na4 Qg1 (39... Qc6 $142 {( -> ...Qxa4+)} 40. Kb2 Qd5) 40. Qxg1 Rxg1 {[%mdl 4096] Endgame KRB-KBN} 41. Nc5 Rh1 42. Na6 (42. Bd3 {was called for.}) 42... Rxh4 43. Bd3 Ke7 44. Kb2 Bc8 45. Nc5 Rh5 46. Bc4 a5 {[%cal Ba7a5,Ba5a4,Ba4a3][%mdl 32]} 47. Nd3 Rh4 48. Nc5 Bf5 49. Nb7 {[#]} a4 $1 50. Nd6 (50. bxa4 Rxc4) 50... a3+ 51. Ka2 Bxc2 52. Bxf7 Rh2 {Black mates.} 53. Ka1 Rh1+ 54. Ka2 Bb1+ {Accuracy: White = 34%, Black = 75%.} 0-1

[Event "Saint Louis Invitational-A 2018"]
[Site "Saint Louis"]
[Date "2018.11.19"]
[Round "7"]
[White "Boros, Denes"]
[Black "Bivol, Alina"]
[Result "1-0"]
[WhiteElo "2442"]
[BlackElo "2403"]
[Annotator "TA"]
[PlyCount "65"]
[EventDate "2018.11.16"]
[EventType "tourn"]
[EventCountry "USA"]
[SourceTitle "playchess.com"]
[Source "ChessBase"]
[SourceQuality "1"]

{[%evp 12,65,0,-21,33,13,11,-5,15,13,64,74,114,106,114,111,101,99,232,213,213,195,187,187,164,156,270,283,378,227,353,197,197,184,422,420,570,569,562,549,548,548,548,548,540,355,650,645,650,643,631,573,670,667,655,650]} 1. d4 Nf6 2. Nf3 g6 3. Nc3 d5 4. Bf4 Bg7 5. e3 O-O 6. Nb5 {D00: 1 d4 d5: Unusual lines} (6. Be2 c5 7. O-O cxd4 8. exd4 Bg4 9. h3 Bxf3 10. Bxf3 Nc6 11. Ne2 b5 12. c3 e6 13. a3 a5 14. Nc1 b4 15. a4 Ne4 16. Bxe4 dxe4 {½-½ (85) Carlsen,M (2837)-Ding,L (2774) Saint Louis 2017}) 6... Na6 7. c3 {LiveBook: 3 Games} c5 ({Better is} 7... Nh5 $11) 8. Be2 {[%cal Bf1e2,Be2c4,Bc4d5][%mdl 32] White is slightly better.} Bd7 9. h3 $146 ({Predecessor:} 9. a4 Qb6 10. Bc7 Nxc7 11. a5 Qxb5 12. Bxb5 Bxb5 13. Ne5 Nd7 14. Nxd7 Bxd7 {1-0 (44) Vukotic Jovsic,D (2010)-Barroso Barroso,J (1853) San Sebastian 2012}) 9... c4 10. a4 Qb6 (10... Bxb5 $11 11. axb5 Nc7) 11. b3 $14 Ne4 12. bxc4 dxc4 13. Bxc4 Rac8 {[#]} 14. Qb3 $1 Qa5 (14... Nac5 $16 15. dxc5 Nxc5) 15. O-O $18 Nb8 16. Bd5 Bc6 17. Rfc1 a6 18. Bxc6 Rxc6 (18... Nxc6 $16 {keeps fighting.} 19. Qc2 f5) 19. Qb1 f5 20. c4 {[%cal Bc3c4,Bc4c5][%mdl 32]} Nd7 (20... g5 $142) 21. Na3 (21. Na7 $142 Rb6 22. Qa2) 21... e5 {[#]} 22. Bh2 $1 Rb6 $2 (22... Qb6 {was called for.} 23. Qa2 (23. Nxe5 Nxe5 24. Qxb6 Rxb6 $16) (23. dxe5 Rcc8 $16) 23... Kh8) 23. Qa2 {Strongly threatening c5+.} Qxa4 24. c5+ Rb3 25. Rcb1 Qxa3 26. Qxa3 ({Not} 26. Qxb3+ Qxb3 27. Rxb3 exd4 $16) 26... Rxa3 27. Rxa3 Rd8 28. Ra5 g5 $2 (28... f4 29. Ra3 Nf8) 29. Bxe5 {White is clearly winning.} Bxe5 30. Nxe5 Nxe5 31. dxe5 {[%cal Bd4e5,Be5e6][%mdl 32]} Rd7 32. e6 Re7 33. Rb6 {Accuracy: White = 66%, Black = 27%.} 1-0

[Event "Saint Louis Invitational-A 2018"]
[Site "Saint Louis"]
[Date "2018.11.19"]
[Round "7"]
[White "Niemann, Hans"]
[Black "Ali Marandi, Cemil Can"]
[Result "1-0"]
[WhiteElo "2439"]
[BlackElo "2552"]
[Annotator "TA"]
[PlyCount "119"]
[EventDate "2018.11.16"]
[EventType "tourn"]
[EventCountry "USA"]
[SourceTitle "playchess.com"]
[Source "ChessBase"]
[SourceQuality "1"]

{[%evp 14,119,44,5,12,0,18,13,43,36,78,29,35,33,22,22,17,17,33,2,77,58,64,1,113,110,129,95,93,95,97,104,103,98,102,106,118,95,208,167,208,208,195,163,162,186,195,182,180,152,182,182,182,102,164,148,150,147,156,150,148,95,110,110,163,154,201,203,232,227,230,172,348,337,442,419,550,461,555,431,397,300,491,402,372,359,362,358,366,370,370,370,370,370,370,352,361,354,361,324,296,0,360,353,353,353,343,333]} 1. d4 f5 2. c4 Nf6 3. Nf3 g6 4. Nc3 Bg7 5. Bf4 O-O 6. e3 d6 7. h3 Qe8 {A85: Dutch Defence: 2 c4 Nf6 3 Nc3} (7... h6 8. Be2 Qe8 9. d5 Na6 10. Bh2 Bd7 11. O-O c6 12. dxc6 bxc6 13. Qc2 Nc5 14. Rfd1 g5 15. Rab1 {1-0 (42) Karjakin,S (2783)-Nepomniachtchi,I (2751) chess.com INT 2017}) 8. Be2 {LiveBook: 3 Games} Nc6 9. O-O e5 {The position is equal.} 10. Bh2 h6 11. c5 $146 ({Predecessor:} 11. Rc1 g5 12. Nb5 Qe7 {1-0 (23) Vera Aranjuelo,J-Martinez Catalan,F (2187) Zaragoza 2003}) 11... a6 12. Bc4+ Kh7 13. cxd6 cxd6 14. Nd5 Nxd5 15. Bxd5 Bd7 16. Qb3 b5 (16... Ne7 $11) 17. Rac1 $36 {[%mdl 2048] White is pushing.} Ra7 18. Qc3 ({White should play} 18. h4 $14) 18... Rc7 (18... Ne7 $11 {keeps the balance.} 19. Bb3 e4) 19. Qa3 $16 Rc8 20. Rfe1 a5 21. Qxd6 {[%cal Rf3e5]} Rf6 22. Qa3 {[%cal Rf3e5]} Bf8 23. Qb3 a4 24. Qd1 {[%cal Rd4e5]} e4 {[#] Threatens to win with ...Nb4.} 25. Ne5 a3 (25... Nb4 $16 {is a better defense.}) 26. Qe2 Bd6 {[%cal Rc6e5]} 27. Bxc6 Bxc6 28. bxa3 Bxa3 29. Rc2 ({Don't play} 29. Nxc6 $6 Bxc1 30. d5 Rfxc6 $11) 29... Bb7 30. Rxc8 Bxc8 31. Qc2 Be6 32. Qc7+ Qe7 33. Rc1 (33. Qb8 $18) 33... Qxc7 (33... Kg8 $16 {was called for.}) 34. Rxc7+ $18 Kg8 35. Ra7 Bd6 36. a3 g5 37. Ra6 (37. Ra8+ $142 Kh7 38. Ra5) 37... Bd5 {aiming for ...Bxe5.} 38. Ra5 f4 (38... Bxe5 $16 39. Bxe5 Rb6) 39. Rxb5 Be6 40. Rb6 Bd5 {And now ...Bxe5 would win.} 41. Nd7 Re6 42. Nc5 fxe3 $2 (42... Bxc5 43. dxc5 fxe3 44. fxe3 Rxb6 45. cxb6 Kf7) 43. Nxe6 (43. Bxd6 e2 $14) 43... Bxh2+ {[%mdl 4096] Endgame KRN-KB} 44. Kf1 Bc4+ 45. Ke1 e2 {If only Black now had time for ...e3....} 46. Nc5 e3 47. Ne4 Bd3 $2 (47... Bc7 48. Rb4 exf2+ 49. Kxf2 Bd3) 48. Nf6+ Kf8 {Strongly threatening ...exf2+.} 49. Ng4 Bc7 50. Rb4 exf2+ 51. Nxf2 Ba6 52. Ra4 Bb5 53. Ra8+ Ke7 54. Ra7 Kd8 55. Ne4 Bd3 56. Ra8+ Ke7 57. Ra7 Kd8 $1 {[#]} 58. Rxc7 $1 Kxc7 59. Nc3 Kc6 60. Kd2 {Accuracy: White = 66%, Black = 42%.} ({Weaker is} 60. Nxe2 Kd5 $18) 1-0

[Event "Saint Louis Invitational-A 2018"]
[Site "Saint Louis"]
[Date "2018.11.20"]
[Round "8"]
[White "Ali Marandi, Cemil Can"]
[Black "Gurevich, Dmitry"]
[Result "1-0"]
[WhiteElo "2552"]
[BlackElo "2393"]
[Annotator "TA"]
[PlyCount "37"]
[EventDate "2018.11.16"]
[EventType "tourn"]
[EventCountry "USA"]
[SourceTitle "playchess.com"]
[Source "ChessBase"]
[SourceQuality "1"]

{[%evp 16,37,34,8,77,83,75,79,89,58,60,59,40,67,50,60,78,41,265,264,258,239,1425,1402]} 1. d4 d5 2. Bf4 c5 3. e3 Nc6 4. c3 e6 5. Nd2 Bd6 6. Bg3 Nf6 7. Ngf3 Bxg3 8. hxg3 Qd6 9. Bb5 {LiveBook: 56 Games} a6 {D02: 1 d4 d5 2 Nf3 sidelines, including 2...Nf6 3 g3 and 2...Nf6 3 Bf4} (9... O-O $11) (9... Bd7 10. Bxc6 Bxc6 11. Ne5 Qc7 12. Qf3 h6 13. Qf4 Qe7 14. g4 Nh7 15. Qg3 Rg8 16. O-O Nf6 17. Rac1 {1-0 (29) Carlsen,M (2857)-Ghaem Maghami,E (2566) Baku 2016}) 10. Bxc6+ $16 bxc6 11. Qc2 Rb8 $146 {White is better.} ({Predecessor:} 11... cxd4 12. cxd4 h6 13. Ne5 Bd7 14. g4 Ke7 15. f3 Rab8 16. Nb3 Qb4+ 17. Kf2 {½-½ (45) Claramunt Bassegoda,M (1852)-Gonzalez Alonso,M (1845) Barcelona 2018}) 12. Ne5 cxd4 13. cxd4 c5 $1 14. g4 cxd4 15. exd4 Ne4 16. Rc1 {[#] Threatens to win with Qxc8+.} Nxd2 $2 ({Don't blunder} 16... Qb4 $2 17. Qc6+ Kf8 18. Qxc8+ Rxc8 19. Rxc8+ Ke7 20. Nc6+ {[%mdl 64] Double Attack} Kf6 21. Nxb4 $18) (16... f6 $14 17. Nc6 (17. Nxe4 dxe4 18. Ng6 Rg8 $11) 17... Rb6) 17. Kxd2 $18 ({Not} 17. Qxd2 O-O $14) 17... Bd7 18. Ke3 f6 $2 (18... Ke7 19. Qc7 Rhc8 20. Qxd6+ Kxd6) 19. Rxh7 1-0